[Event "71.Camp. Regionale Em. Romagna"]
[Site "Ferrara"]
[Date "2011.05.07"]
[Round "2.3"]
[White "Binder, Andrea"]
[Black "Pechy, Alaster"]
[Result "1/2-1/2"]
[WhiteElo "1912"]
[BlackElo "2199"]
[Annotator "Gabriele Ballarin"]
[PlyCount "61"]
[EventDate "2011.05.06"]
[EventType "swiss"]
[EventRounds "5"]
[EventCountry "ITA"]

1. Nf3 Nf6 2. g3 b5 3. Bg2 Bb7 4. O-O e6 5. d3 d5 6. Nbd2 Nbd7 7. Re1 Nb6 8. e3 c5 9. Qe2 Be7 10. e4 O-O 11. e5 Nfd7 12. h4 a5 13. Nf1 a4 14. a3 Qc7 15. Bf4 Rfe8 16. N1h2 d4 17. h5 Nb8 18. Ng4 Bd5 19. Nf6+ gxf6 20. exf6 Qb7 21. Qe5 Bf8 22. Qg5+ Kh8 23. Bd6 h6 24. Qg4 Bxf3 25. Bxf3 Qxf3 26. Qxf3 Bxd6 27. c3 Rc8 28. cxd4 cxd4 29. Rac1 N8d7 30. Rxc8+ Rxc8 31. Re4 1/2-1/2

[Event "71.Camp. Regionale Em. Romagna"]
[Site "Ferrara"]
[Date "2011.05.07"]
[Round "3.5"]
[White "Pechy, Alaster"]
[Black "Zanirato, Stefano"]
[Result "0-1"]
[WhiteElo "2199"]
[BlackElo "1909"]
[Annotator "Gabriele Ballarin"]
[PlyCount "88"]
[EventDate "2011.05.06"]
[EventType "swiss"]
[EventRounds "5"]
[EventCountry "ITA"]

1. d4 Nf6 2. c4 e5 3. dxe5 Ng4 4. Nf3 Bc5 5. e3 Nc6 6. a3 a5 7. b3 Qe7 8. Bb2 Ngxe5 9. Nc3 Nxf3+ 10. Qxf3 Nd4 11. Qd1 c6 12. Na4 Ne6 13. Nxc5 Qxc5 14. Bc3 b6 15. b4 axb4 16. axb4 Rxa1 17. Qxa1 Qg5 18. h4 Qg4 19. Rh3 f6 20. f3 Qg6 21. Qd1 d5 22. Kf2 d4 23. exd4 O-O 24. Rh1 Rd8 25. Bd3 f5 26. Bc2 Qf6 27. g3 c5 28. bxc5 bxc5 29. Qa1 cxd4 30. Bb4 Bb7 31. Bd3 Ra8 32. Qb2 h5 33. Ra1 Rxa1 34. Qxa1 f4 35. Qg1 Qe5 36. Bd2 Nc5 37. Bg6 d3 38. Qe1 fxg3+ 39. Kg2 Bxf3+ 40. Kxf3 Qf6+ 41. Kxg3 Qxg6+ 42. Bg5 Ne4+ 43. Kf4 d2 44. Qe2 Qd6+ 0-1

[Event "71.Camp. Regionale Em. Romagna"]
[Site "Ferrara"]
[Date "2011.05.08"]
[Round "4.11"]
[White "Rosina, Graziano"]
[Black "Pechy, Alaster"]
[Result "0-1"]
[WhiteElo "1829"]
[BlackElo "2199"]
[Annotator "Gabriele Ballarin"]
[PlyCount "94"]
[EventDate "2011.05.06"]
[EventType "swiss"]
[EventRounds "5"]
[EventCountry "ITA"]

1. Nf3 Nf6 2. c4 g6 3. g3 Bg7 4. Bg2 O-O 5. O-O c6 6. Nc3 d5 7. cxd5 cxd5 8. d4 Nc6 9. Bf4 Bf5 10. Rc1 Ne4 11. Ne5 Nxe5 12. Bxe5 Nxc3 13. Rxc3 Bxe5 14. dxe5 e6 15. Qd4 f6 16. Rfc1 Qb6 17. Qh4 Rf7 18. Qh6 Raf8 19. exf6 Qd8 20. Bf3 Qxf6 21. Rc8 g5 22. Rxf8+ Rxf8 23. Qxf6 Rxf6 24. Rc8+ Rf8 25. Rxf8+ Kxf8 26. Kf1 Ke7 27. Ke1 Kd6 28. Kd2 Kc5 29. e3 Bb1 30. a3 Kc4 31. Bd1 a5 32. b3+ Kc5 33. f4 gxf4 34. gxf4 d4 35. Bg4 Bf5 36. Bf3 dxe3+ 37. Kxe3 b5 38. Be4 a4 39. Bxf5 exf5 40. bxa4 bxa4 41. Kd3 Kd5 42. Kc3 Ke4 43. Kb4 Kxf4 44. Kxa4 Ke3 45. Kb4 f4 46. a4 f3 47. a5 f2 0-1

[Event "71.Camp. Regionale Em. Romagna"]
[Site "Ferrara"]
[Date "2011.05.07"]
[Round "5.5"]
[White "Pechy, Alaster"]
[Black "Dobboletta, Alex"]
[Result "1-0"]
[WhiteElo "2199"]
[BlackElo "1896"]
[Annotator "Gabriele Ballarin"]
[PlyCount "129"]
[EventDate "2011.05.06"]
[EventType "swiss"]
[EventRounds "5"]
[EventCountry "ITA"]

{[%evp 0,129,29,29,38,-11,0,-24,-2,1,19,14,12,11,21,16,21,21,24,20,55,52,53,36,103,111,127,114,140,165,200,157,148,148,154,131,107,122,99,105,105,111,100,93,92,97,106,108,125,134,150,112,124,121,154,147,209,121,144,139,161,175,175,178,189,252,297,267,298,288,312,302,329,224,252,246,246,257,257,231,233,230,230,243,267,252,249,249,287,248,242,240,257,251,241,223,223,215,280,246,246,208,240,235,227,223,231,234,237,220,300,206,212,248,267,280,280,363,374,363,371,407,398,411,425,433,447,438,461,458,496,538]} 1. d4 Nf6 2. c4 e6 3. g3 Bb4+ 4. Bd2 Bxd2+ 5. Nxd2 d5 6. Bg2 O-O 7. Ngf3 Nc6 8. O-O Re8 9. Rc1 e5 10. dxe5 Nxe5 11. Nxe5 Rxe5 12. cxd5 Bg4 13. Re1 Qe7 14. f3 Nxd5 15. e4 Nb4 16. fxg4 Nd3 17. Nc4 Qc5+ 18. Ne3 Nxc1 19. Qxc1 Rd8 20. Qxc5 Rxc5 21. Re2 c6 22. Kf2 Kf8 23. h4 a5 24. g5 b5 25. e5 Re8 26. Ng4 Rc4 27. Bf3 c5 28. h5 Re6 29. h6 gxh6 30. gxh6 Rg6 31. Ne3 Rc1 32. Nf5 c4 33. Rd2 Ke8 34. Be4 Rb6 35. Nd6+ Kf8 36. Bxh7 Rh1 37. Be4 Rxh6 38. Ke3 Re6 39. Kd4 f6 40. Kc5 Rb8 41. exf6 Rxf6 42. Nxb5 Rc8+ 43. Kd4 Rb6 44. a4 Rd8+ 45. Bd5 Rg6 46. Nc3 Rxg3 47. Kxc4 Rb8 48. Rf2+ Ke8 49. Bc6+ Ke7 50. Kc5 Ke6 51. Nd5 Rg5 52. Re2+ Kf7 53. Re7+ Kf8 54. Rb7 Rc8 55. Rb5 Rg6 56. Rb6 Rg1 57. Kb5 Rg6 58. Bb7 Rxb6+ 59. Nxb6 Rc2 60. b3 Rc3 61. Bd5 Ke7 62. Kxa5 Kd6 63. b4 Rc7 64. Kb5 Ke7 65. a5 1-0

[Event "72. C.to Provinciale GO-TS"]
[Site "Duino-Aurisina ITA"]
[Date "2011.11.25"]
[Round "1"]
[White "Giordano, Massimiliano"]
[Black "Rozmann, Glauco"]
[Result "1-0"]
[WhiteElo "1968"]
[BlackElo "1631"]
[Annotator "Gabriele Ballarin"]
[PlyCount "39"]
[EventDate "2011.11.25"]
[EventType "swiss"]
[EventCountry "ITA"]

1. c4 Nc6 2. Nc3 Nf6 3. g3 e6 4. Bg2 Bc5 5. Nf3 a6 6. O-O O-O 7. d4 Ba7 8. e4 d6 9. d5 exd5 10. exd5 Ne7 11. Bg5 Ng6 12. Ne4 Bg4 13. Bxf6 gxf6 14. Qd2 Ne5 15. Nxe5 dxe5 16. Qh6 Bf5 17. Nxf6+ Kh8 18. Bh3 Bg6 19. Nxh7 Bxh7 20. Bf5 1-0

[Event "72. C.to Provinciale GO-TS"]
[Site "Duino-Aurisina ITA"]
[Date "2011.11.25"]
[Round "1"]
[White "Menon, Carlo"]
[Black "Del Cont, Bernard Emanuela"]
[Result "1-0"]
[WhiteElo "1754"]
[BlackElo "1278"]
[Annotator "Gabriele Ballarin"]
[PlyCount "64"]
[EventDate "2011.11.25"]
[EventType "swiss"]
[EventCountry "ITA"]

1. e4 e5 2. f4 d6 3. Nf3 Nc6 4. Bb5 exf4 5. O-O Bd7 6. d4 Nge7 7. Bxf4 Ng6 8. Bg3 Nb8 9. Bc4 Be6 10. d5 Bg4 11. Qd3 Nd7 12. Nbd2 Be7 13. Rae1 O-O 14. c3 f6 15. b4 a6 16. Bb3 Nge5 17. Nxe5 fxe5 18. Nc4 Nf6 19. Ne3 Bd7 20. a4 Nh5 21. Rxf8+ Bxf8 22. Rf1 Nxg3 23. hxg3 g6 24. Qe2 Qg5 25. Bc2 Be7 26. Rf3 Qh6 27. Bd1 Bg5 28. g4 Rf8 29. Rxf8+ Kxf8 30. Qf3+ Kg8 31. Nf1 b5 32. a5 c6 1-0

[Event "72. C.to Provinciale GO-TS"]
[Site "Duino-Aurisina ITA"]
[Date "2011.11.25"]
[Round "1"]
[White "Pecchiari, Alberto"]
[Black "Varini, Massimo"]
[Result "0-1"]
[WhiteElo "1679"]
[BlackElo "2073"]
[Annotator "Gabriele Ballarin"]
[PlyCount "44"]
[EventDate "2011.11.25"]
[EventType "swiss"]
[EventCountry "ITA"]

1. e4 e5 2. Nf3 Nc6 3. Bb5 Bc5 4. c3 Qf6 5. O-O Nge7 6. d3 h6 7. Be3 Bb6 8. Nbd2 d6 9. Ba4 O-O 10. Bb3 Ng6 11. Nc4 Nf4 12. Nxb6 axb6 13. Bxf4 Qxf4 14. Qd2 Qf6 15. a3 Ne7 16. d4 Ng6 17. Ne1 Bg4 18. Bd1 Be6 19. d5 Bd7 20. Qe3 Nf4 21. c4 Qg6 22. Qf3 f5 0-1

[Event "72. C.to Provinciale GO-TS"]
[Site "Duino-Aurisina ITA"]
[Date "2011.11.25"]
[Round "1"]
[White "Petrosino, Germano"]
[Black "De Luca, Marco"]
[Result "1-0"]
[WhiteElo "1829"]
[BlackElo "1529"]
[Annotator "Gabriele Ballarin"]
[PlyCount "107"]
[EventDate "2011.11.25"]
[EventType "swiss"]
[EventCountry "ITA"]

1. d4 d5 2. c4 e6 3. Nc3 Nf6 4. Bg5 Be7 5. Nf3 Nbd7 6. e3 h6 7. Bh4 dxc4 8. Bxc4 a6 9. a4 b6 10. O-O O-O 11. Rc1 Bb7 12. Ne5 Nxe5 13. dxe5 Nd7 14. Bxe7 Qxe7 15. f4 Rac8 16. Qe2 Rfe8 17. Bxa6 Bxa6 18. Qxa6 Nc5 19. Qe2 Ra8 20. Qc2 Rec8 21. Rfd1 Qe8 22. b3 Na6 23. Ne4 Qe7 24. Qc6 Qf8 25. Qb5 Nb4 26. Qe2 Nd5 27. Nc3 Ne7 28. e4 Ng6 29. g3 Qe7 30. Nb5 c5 31. Nd6 Rd8 32. Qb5 Rab8 33. b4 f6 34. exf6 gxf6 35. bxc5 bxc5 36. Qxc5 Nxf4 37. gxf4 Rb2 38. Kh1 Rdb8 39. Rg1+ Kf8 40. Qc7 Qxc7 41. Rxc7 Rf2 42. Rc8+ Rxc8 43. Nxc8 Rxf4 44. Nd6 Ke7 45. Rd1 h5 46. Kg2 f5 47. Kg3 Rg4+ 48. Kf3 h4 49. a5 h3 50. Rd2 Rg1 51. Nc8+ Kf6 52. exf5 Kxf5 53. a6 Rg8 54. Ne7+ 1-0

[Event "72. C.to Provinciale GO-TS"]
[Site "Duino-Aurisina ITA"]
[Date "2011.11.25"]
[Round "1"]
[White "Raimo, Isacco"]
[Black "Buzzurro, Mario"]
[Result "1-0"]
[WhiteElo "1467"]
[BlackElo "1791"]
[Annotator "Gabriele Ballarin"]
[PlyCount "51"]
[EventDate "2011.11.25"]
[EventType "swiss"]
[EventCountry "ITA"]

1. d4 e5 2. d5 Nf6 3. a3 a5 4. Nc3 Bc5 5. e4 d6 6. Nf3 Ng4 7. Bg5 Nxf2 8. Bxd8 Nxd1 9. Rxd1 Kxd8 10. Be2 h6 11. Rd3 f5 12. Nh4 f4 13. Ng6 Rg8 14. g3 fxg3 15. Rxg3 Bd7 16. Rf1 Be8 17. Rf8 Rxf8 18. Nxf8 g5 19. Ne6+ Kc8 20. Rh3 c6 21. Rxh6 b5 22. Rh8 Kd7 23. Rh7+ Bf7 24. Rxf7+ Ke8 25. Bh5 Ra7 26. Rxa7# 1-0

[Event "72. C.to Provinciale GO-TS"]
[Site "Duino-Aurisina ITA"]
[Date "2011.11.25"]
[Round "1"]
[White "Urbisaglia, Elvio"]
[Black "Tonel, Giulia"]
[Result "0-1"]
[WhiteElo "1534"]
[BlackElo "1954"]
[Annotator "Gabriele Ballarin"]
[PlyCount "56"]
[EventDate "2011.11.25"]
[EventType "swiss"]
[EventCountry "ITA"]

1. e4 d6 2. d4 Nf6 3. Nc3 g6 4. Nf3 Bg7 5. Be3 c6 6. h3 O-O 7. Qc1 Qa5 8. Qd2 Nbd7 9. Bd3 Re8 10. Ne2 Qc7 11. c3 b5 12. Bf4 e5 13. dxe5 dxe5 14. Be3 Bb7 15. Ng3 a6 16. Bc2 Rad8 17. Qc1 c5 18. O-O c4 19. Nd2 Nc5 20. Bxc5 Qxc5 21. Re1 Bh6 22. Re2 Rd7 23. Qe1 Red8 24. Nf3 Ne8 25. Rd1 Rxd1 26. Bxd1 Qd6 27. Bc2 Nc7 28. Rd2 Bxd2 0-1

[Event "72. C.to Provinciale VE"]
[Site "Venezia S.Leonardo ITA"]
[Date "2012.01.06"]
[Round "1.1"]
[White "Tomio, Dante"]
[Black "Carini, Massimo"]
[Result "1-0"]
[WhiteElo "1792"]
[BlackElo "2114"]
[Annotator "Gabriele Ballarin"]
[PlyCount "79"]
[EventDate "2012.01.06"]
[EventType "swiss"]
[EventRounds "5"]
[EventCountry "ITA"]

1. d4 d5 2. Nf3 Nf6 3. Bg5 Ne4 4. Bf4 Bf5 5. e3 e6 6. Be2 Bd6 7. Bxd6 Qxd6 8. O-O h6 9. c4 Nc6 10. Nbd2 O-O 11. Rc1 Rad8 12. cxd5 exd5 13. a3 Ne7 14. Nxe4 Bxe4 15. Bd3 Bxd3 16. Qxd3 Ng6 17. Rc2 c6 18. h4 Qf6 19. h5 Nh4 20. Nxh4 Qxh4 21. Qf5 Rfe8 22. g3 Qg5 23. Qxg5 hxg5 24. Kg2 Re6 25. Rh1 g4 26. Rcc1 Kh7 27. Rh4 f5 28. Kf1 Kh6 29. Ke2 Rde8 30. Kd3 Kg5 31. Rch1 Rh6 32. Kc3 Reh8 33. Kb4 b6 34. a4 a5+ 35. Kc3 Rxh5 36. Rxh5+ Rxh5 37. Rf1 Rh2 38. Kd3 Kf6 39. Ke2 g5 40. Rc1 1-0

[Event "72. C.to Provinciale VE"]
[Site "Venezia S.Leonardo ITA"]
[Date "2012.01.06"]
[Round "1.2"]
[White "Redo, Giorgio"]
[Black "Perissotto, Mario"]
[Result "1-0"]
[WhiteElo "1747"]
[BlackElo "2098"]
[Annotator "Gabriele Ballarin"]
[PlyCount "55"]
[EventDate "2012.01.06"]
[EventType "swiss"]
[EventRounds "5"]
[EventCountry "ITA"]

1. f4 d5 2. Nf3 Nf6 3. e3 c5 4. d4 cxd4 5. exd4 Nc6 6. c4 e6 7. Nc3 h6 8. Bd3 dxc4 9. Bxc4 a6 10. a4 Bb4 11. O-O O-O 12. Kh1 Qa5 13. Qd3 Rd8 14. Bd2 Qh5 15. Rad1 b6 16. Ne4 Nxe4 17. Qxe4 Bd7 18. d5 exd5 19. Bxd5 Bf5 20. Qc4 Bxd2 21. Rxd2 Na5 22. Qc7 Bd3 23. Bxa8 Rxa8 24. Rxd3 Qg6 25. Rfd1 Re8 26. Rd8 Rxd8 27. Qxd8+ Kh7 28. Qd3 1-0

[Event "72. C.to Provinciale VE"]
[Site "Venezia S.Leonardo ITA"]
[Date "2012.01.06"]
[Round "1.3"]
[White "Simongini, Giacomo"]
[Black "Gallo, Enrico"]
[Result "0-1"]
[WhiteElo "1745"]
[BlackElo "2068"]
[Annotator "Gabriele Ballarin"]
[PlyCount "84"]
[EventDate "2012.01.06"]
[EventType "swiss"]
[EventRounds "5"]
[EventCountry "ITA"]

1. e4 e6 2. d4 d5 3. Nc3 Bb4 4. e5 c5 5. a3 Bxc3+ 6. bxc3 Ne7 7. Be2 Nbc6 8. Nf3 Qc7 9. O-O O-O 10. Bd3 h6 11. g4 c4 12. Be2 f6 13. Bf4 Ng6 14. Bg3 fxe5 15. dxe5 b6 16. g5 Rf5 17. gxh6 gxh6 18. Kh1 Bd7 19. Rg1 Kh7 20. Nd4 Rf7 21. Bh5 Rg8 22. Qd2 Qd8 23. Bf4 Qf8 24. Bxg6+ Rxg6 25. Rxg6 Kxg6 26. Rg1+ Kh7 27. Rg4 Nxd4 28. cxd4 Rf5 29. Rh4 h5 30. Qd1 Be8 31. Be3 Qxa3 32. Rh3 Qf8 33. Rg3 a5 34. c3 Bg6 35. Qa4 Qe8 36. Qa2 Qb5 37. Bg5 a4 38. f4 Qb3 39. Qf2 a3 40. Rg2 Qxc3 41. Bd8 Qc1+ 42. Rg1 Rxf4 0-1

[Event "72. C.to Provinciale VE"]
[Site "Venezia S.Leonardo ITA"]
[Date "2012.01.06"]
[Round "1.4"]
[White "Zamengo, Fulvio"]
[Black "Marchetti, Daniele"]
[Result "1-0"]
[WhiteElo "2049"]
[BlackElo "1894"]
[Annotator "Gabriele Ballarin"]
[PlyCount "55"]
[EventDate "2012.01.06"]
[EventType "swiss"]
[EventRounds "5"]
[EventCountry "ITA"]

1. e4 c5 2. Nf3 d6 3. d4 cxd4 4. Nxd4 a6 5. c4 e6 6. Nc3 Nf6 7. Be2 Be7 8. Be3 Nc6 9. O-O O-O 10. Nc2 Qc7 11. Qe1 b6 12. f3 Ne5 13. b3 Rb8 14. g4 Bb7 15. g5 Nfd7 16. f4 Ng6 17. Nd4 Nxf4 18. Bxf4 e5 19. Nf5 Bd8 20. Be3 Nc5 21. Qh4 g6 22. Nh6+ Kg7 23. Ng4 Rg8 24. Nf6 Bxf6 25. gxf6+ Kf8 26. Rf3 Qd7 27. Rh3 h5 28. Qg5 1-0

[Event "72. C.to Provinciale VE"]
[Site "Venezia S.Leonardo ITA"]
[Date "2012.01.06"]
[Round "1.5"]
[White "Monticelli, Francesco"]
[Black "Zamengo, Bruno"]
[Result "1/2-1/2"]
[WhiteElo "1630"]
[BlackElo "1975"]
[Annotator "Gabriele Ballarin"]
[PlyCount "122"]
[EventDate "2012.01.06"]
[EventType "swiss"]
[EventRounds "5"]
[EventCountry "ITA"]

1. e4 e6 2. d4 d5 3. exd5 exd5 4. Nf3 Bd6 5. h3 Ne7 6. Bd3 O-O 7. O-O c6 8. c3 Bf5 9. Bxf5 Nxf5 10. Qd3 Qc7 11. Re1 f6 12. c4 Ne7 13. c5 Bxc5 14. dxc5 Qd7 15. Bf4 Na6 16. Bd6 Rfe8 17. Qc3 Nf5 18. Rxe8+ Rxe8 19. Bf4 Nc7 20. Bxc7 Qxc7 21. Nbd2 b6 22. Re1 Rb8 23. Qd3 Ne7 24. Qe3 Ng6 25. Qe6+ Kf8 26. cxb6 axb6 27. b4 Rd8 28. Nd4 c5 29. bxc5 bxc5 30. Qc6 Qxc6 31. Nxc6 Ra8 32. Nb3 c4 33. Nc5 Rxa2 34. Nd7+ Kg8 35. Rd1 Nf4 36. Nb4 Ra7 37. Nxd5 Nxd5 38. Rxd5 c3 39. Nc5 c2 40. Nb3 Ra1+ 41. Kh2 Ra3 42. Rc5 Rxb3 43. Rxc2 Kf7 44. f3 Kg6 45. Kg3 Rb4 46. Rd2 Kg5 47. Rd5+ f5 48. Rd7 Kh6 49. Rd6+ g6 50. Rd7 g5 51. Rd6+ Kh5 52. Rd7 h6 53. Rd2 Rb6 54. Re2 f4+ 55. Kf2 Kh4 56. Rd2 Rb5 57. Re2 h5 58. Rd2 Rb4 59. Re2 g4 60. hxg4 hxg4 61. fxg4 Kxg4 1/2-1/2

[Event "72. C.to Provinciale VE"]
[Site "Venezia S.Leonardo ITA"]
[Date "2012.01.06"]
[Round "1.6"]
[White "Velluti, Alberto"]
[Black "Loris, Stefano"]
[Result "1-0"]
[WhiteElo "1962"]
[BlackElo "1874"]
[Annotator "Gabriele Ballarin"]
[PlyCount "67"]
[EventDate "2012.01.06"]
[EventType "swiss"]
[EventRounds "5"]
[EventCountry "ITA"]

1. e4 c6 2. d4 d5 3. Nc3 dxe4 4. Nxe4 Bf5 5. Ng3 Bg6 6. Nf3 Nd7 7. Bd3 Bxd3 8. Qxd3 Qc7 9. Be3 Ngf6 10. O-O-O e6 11. Rhe1 O-O-O 12. Kb1 h6 13. Qb3 Qb6 14. Qxb6 Nxb6 15. Ne5 Rd5 16. Nxf7 Rg8 17. Ne2 Ng4 18. Nf4 Nxe3 19. fxe3 Rf5 20. Ne5 Rf6 21. Ng4 Rf7 22. Nxe6 Nd7 23. Rf1 Re7 24. Nxf8 Nxf8 25. Ne5 Ne6 26. Rf2 Rge8 27. Rdf1 Ng5 28. Kc1 Ne4 29. Rf7 Nd6 30. Rxe7 Rxe7 31. Kd2 b5 32. Kd3 Kc7 33. b3 a5 34. c4 1-0

[Event "72. C.to Provinciale VE"]
[Site "Venezia S.Leonardo ITA"]
[Date "2012.01.06"]
[Round "1.7"]
[White "Civitareale, Alberto"]
[Black "Aprile, Martino"]
[Result "0-1"]
[WhiteElo "1625"]
[BlackElo "1917"]
[Annotator "Antonio Rosino"]
[PlyCount "94"]
[EventDate "2012.01.06"]
[EventType "swiss"]
[EventRounds "5"]
[EventCountry "ITA"]

1. e4 c5 2. Nf3 Nc6 3. d4 cxd4 4. Nxd4 Nf6 5. Nc3 e5 6. Ndb5 d6 7. Bg5 a6 8. Na3 b5 9. Nd5 Be7 10. Bxf6 Bxf6 11. c3 O-O 12. Be2 Bg5 13. O-O f5 14. Bf3 Ra7 15. Re1 Ne7 16. Nc2 f4 17. Ncb4 Bb7 18. Nxe7+ Bxe7 19. Nd5 Bc8 20. a4 bxa4 21. Rxa4 g5 22. Bg4 Bb7 23. Bf5 Kg7 24. Qh5 Rh8 25. Be6 Qf8 26. Rc4 Bxd5 27. Bxd5 a5 28. Ra1 Qe8 29. Qxe8 Rxe8 30. Rca4 Rb8 31. b4 Bd8 32. h3 Bb6 33. bxa5 Bc5 34. R4a2 h5 35. a6 g4 36. Kf1 Rb6 37. Bb7 Rb3 38. Rc2 $4 (38. Rc1 $16) 38... Rbxb7 39. Ra5 Rb6 40. Rca2 f3 41. gxf3 gxf3 42. Kg1 Kf6 43. Kh2 Rb1 44. Kg3 h4+ 45. Kxf3 Kg5 46. Ra1 Rb2 47. R1a2 Rf7+ 0-1

[Event "72. C.to Provinciale VE"]
[Site "Venezia S.Leonardo ITA"]
[Date "2012.01.06"]
[Round "1.8"]
[White "Ballarin, Gabriele"]
[Black "Viotti, Alberto"]
[Result "1-0"]
[WhiteElo "1846"]
[BlackElo "1591"]
[Annotator "Antonio Rosino"]
[PlyCount "19"]
[EventDate "2012.01.06"]
[EventType "swiss"]
[EventRounds "5"]
[EventCountry "ITA"]

1. e4 c6 2. d4 d5 3. e5 c5 4. c3 Nc6 5. Be3 Qb6 (5... Bf5) 6. Qd2 e6 7. a3 Na5 (7... c4) 8. dxc5 Bxc5 9. Bxc5 Qc7 10. Bd6 1-0

[Event "72. C.to Provinciale VE"]
[Site "Venezia S.Leonardo ITA"]
[Date "2012.01.06"]
[Round "1.9"]
[White "Santagati, Marco"]
[Black "Pasqualetto, Lorenzo"]
[Result "1/2-1/2"]
[WhiteElo "1581"]
[BlackElo "1837"]
[Annotator "Antonio Rosino"]
[PlyCount "94"]
[EventDate "2012.01.06"]
[EventType "swiss"]
[EventRounds "5"]
[EventCountry "ITA"]

1. d4 Nf6 2. Nc3 d5 3. Bg5 e6 4. Nf3 (4. e4) 4... Be7 5. Bxf6 Bxf6 6. e4 dxe4 7. Nxe4 Be7 8. Bd3 Nd7 9. Qe2 c5 10. O-O O-O 11. Rad1 cxd4 12. Nxd4 Qb6 13. c3 Ne5 14. Bb1 Nc6 15. Qh5 h6 16. g4 Nxd4 17. cxd4 Rd8 18. g5 hxg5 19. Nxg5 Bxg5 20. Qxg5 Bd7 21. Qh4 Bc6 22. Rd3 Qa5 23. Rg3 Qd5 24. Qh7+ Kf8 25. Qxg7+ Ke7 26. Qg5+ Qxg5 27. Rxg5 Rxd4 28. f3 Rh8 29. Rg2 Rhd8 30. Bh7 Rd1 31. Rxd1 Rxd1+ 32. Kf2 Rd2+ 33. Kg3 Rxg2+ 34. Kxg2 f5 35. Bg6 Kf6 36. Bh5 Kg5 37. Bf7 Bd5 38. b3 Kf4 39. Kf2 a5 40. h4 a4 41. bxa4 Bxa2 42. h5 Kg5 43. f4+ Kf6 44. Bg6 b6 45. Be8 e5 46. fxe5+ Kxe5 47. Kf3 Bd5+ 1/2-1/2

[Event "72. C.to Provinciale VE"]
[Site "Venezia S.Leonardo ITA"]
[Date "2012.01.06"]
[Round "1.10"]
[White "Zangrando, Gianpietro"]
[Black "Restifo Pecorella, Marco"]
[Result "1-0"]
[WhiteElo "1796"]
[BlackElo "1440"]
[Annotator "Gabriele Ballarin"]
[PlyCount "91"]
[EventDate "2012.01.06"]
[EventType "swiss"]
[EventRounds "5"]
[EventCountry "ITA"]

1. c4 d5 2. cxd5 Qxd5 3. Nc3 Qd8 4. Nf3 Nc6 5. d4 f6 6. d5 Ne5 7. Nxe5 fxe5 8. e4 e6 9. Qh5+ g6 10. Qxe5 Nf6 11. Bb5+ Bd7 12. Qxe6+ Qe7 13. Bxd7+ Nxd7 14. Bg5 Qxe6 15. dxe6 Ne5 16. O-O-O Bd6 17. Nd5 O-O 18. f3 Nd3+ 19. Rxd3 Rab8 20. e7 Rfe8 21. Nf6+ Kf7 22. Nxe8 Rxe8 23. Rhd1 Bxe7 24. Rd7 h6 25. Bxh6 Rh8 26. Bg5 Re8 27. Rxc7 Kf8 28. Bh6+ Kf7 29. Rdd7 Ke6 30. Bf4 g5 31. Bg3 g4 32. Rxe7+ Rxe7 33. Rxe7+ Kxe7 34. fxg4 Kf6 35. h4 Kg6 36. e5 b5 37. Bf4 a5 38. h5+ Kh7 39. e6 Kg7 40. Be5+ Kf8 41. h6 Ke7 42. h7 Kxe6 43. h8=Q Kd5 44. Qb8 b4 45. Qd6+ Ke4 46. Qd4# 1-0

[Event "72. C.to Provinciale VE"]
[Site "Venezia S.Leonardo ITA"]
[Date "2012.01.07"]
[Round "2.1"]
[White "Aprile, Martino"]
[Black "Redo, Giorgio"]
[Result "1-0"]
[WhiteElo "1917"]
[BlackElo "2098"]
[Annotator "Gabriele Ballarin"]
[PlyCount "53"]
[EventDate "2012.01.06"]
[EventType "swiss"]
[EventRounds "5"]
[EventCountry "ITA"]

1. e4 Nc6 2. Nf3 g6 3. d4 Bg7 4. d5 Ne5 5. Nxe5 Bxe5 6. f4 Bg7 7. c4 d6 8. Nc3 Nf6 9. Be2 c6 10. O-O Qb6+ 11. Kh1 h5 12. Qe1 Bg4 13. Qf2 Bxe2 14. Qxe2 Ng4 15. h3 Bd4 16. g3 Nf6 17. e5 dxe5 18. fxe5 Nd7 19. e6 fxe6 20. Qxe6 cxd5 21. Qf7+ Kd8 22. Nxd5 Qd6 23. Bf4 Be5 24. Rae1 Rc8 25. Bxe5 Nxe5 26. Qg7 Re8 27. Qxe5 1-0

[Event "72. C.to Provinciale VE"]
[Site "Venezia S.Leonardo ITA"]
[Date "2012.01.07"]
[Round "2.2"]
[White "Gallo, Enrico"]
[Black "Ballarin, Gabriele"]
[Result "1-0"]
[WhiteElo "2068"]
[BlackElo "1846"]
[Annotator "Gabriele Ballarin"]
[PlyCount "77"]
[EventDate "2012.01.06"]
[EventType "swiss"]
[EventRounds "5"]
[EventCountry "ITA"]

1. e4 d6 2. d4 Nf6 3. Nc3 e5 4. Nf3 Nbd7 5. Bc4 Be7 6. O-O O-O 7. h3 c6 8. a4 Nxe4 9. Nxe4 d5 10. Ng3 dxc4 11. dxe5 Nc5 12. Qe2 Be6 13. Be3 a5 14. Nd4 Bd5 15. Qg4 Re8 16. Ndf5 g6 17. Nxe7+ Qxe7 18. Nf5 Qe6 19. Nd6 Nd7 20. Nxe8 Rxe8 21. f4 f5 22. Qh4 b6 23. Rad1 Kg7 24. Qf2 Rb8 25. Rd2 b5 26. axb5 Rxb5 27. Bd4 Be4 28. Rfd1 Nf8 29. Bc3 Bd5 30. Qa7+ Kh6 31. Ra1 Nd7 32. Rxa5 Rxa5 33. Bxa5 g5 34. Qf2 gxf4 35. Qxf4+ Kg7 36. Rf2 Be4 37. Bc3 Nb6 38. Qg5+ Kf7 39. Qe3 1-0

[Event "72. C.to Provinciale VE"]
[Site "Venezia S.Leonardo ITA"]
[Date "2012.01.07"]
[Round "2.3"]
[White "Zangrando, Gianpietro"]
[Black "Zamengo, Fulvio"]
[Result "0-1"]
[WhiteElo "1798"]
[BlackElo "2049"]
[Annotator "Gabriele Ballarin"]
[PlyCount "88"]
[EventDate "2012.01.06"]
[EventType "swiss"]
[EventRounds "5"]
[EventCountry "ITA"]

1. c4 c5 2. g3 Nc6 3. Bg2 Nf6 4. Nc3 e6 5. e4 Be7 6. Nge2 b6 7. O-O Bb7 8. d3 O-O 9. f4 Na5 10. f5 d5 11. fxe6 fxe6 12. Nf4 d4 13. Nce2 Qd6 14. Bh3 e5 15. Nd5 Bc8 16. Bxc8 Raxc8 17. Bd2 Nxd5 18. exd5 Nb7 19. Qa4 a5 20. Qb5 Qc7 21. Rae1 Nd6 22. Qa4 Rxf1+ 23. Rxf1 Rf8 24. Rxf8+ Kxf8 25. Qc2 Qd7 26. Kg2 Qf5 27. b3 g5 28. Ng1 e4 29. dxe4 Nxe4 30. Be1 Nxg3 31. Qxf5+ Nxf5 32. Kf3 Kf7 33. Ke4 Kf6 34. Nf3 Nd6+ 35. Kd3 Kf5 36. Bg3 h5 37. h3 g4 38. Ne5 Ne4 39. hxg4+ hxg4 40. Nc6 Bd6 41. Bxd6 Nxd6 42. Ne7+ Kf4 43. Ng6+ Kg5 44. Ne7 g3 0-1

[Event "72. C.to Provinciale VE"]
[Site "Venezia S.Leonardo ITA"]
[Date "2012.01.07"]
[Round "2.4"]
[White "Tomio, Dante"]
[Black "Velluti, Alberto"]
[Result "1/2-1/2"]
[WhiteElo "1792"]
[BlackElo "1964"]
[Annotator "Gabriele Ballarin"]
[PlyCount "69"]
[EventDate "2012.01.06"]
[EventType "swiss"]
[EventRounds "5"]
[EventCountry "ITA"]

1. d4 d5 2. Nf3 Nf6 3. Bg5 c6 4. Nbd2 Bf5 5. e3 Qb6 6. Qc1 Nbd7 7. Be2 e6 8. O-O Be7 9. c4 h6 10. Bf4 Nh5 11. Bg3 Nxg3 12. hxg3 O-O 13. a3 Bf6 14. Ra2 a5 15. Bd1 Bd3 16. Re1 e5 17. dxe5 Nxe5 18. Nxe5 Bxe5 19. Nf3 Bxc4 20. b3 Bxb3 21. Qb1 Bc3 22. Bxb3 Bxe1 23. Nxe1 a4 24. Bc2 Qxb1 25. Bxb1 Rfd8 26. Nf3 f6 27. Bg6 c5 28. Rc2 b6 29. Nh4 d4 30. exd4 Rxd4 31. Re2 Rad8 32. Re7 R4d7 33. Bf7+ Kh7 34. Bg6+ Kh8 35. Re6 1/2-1/2